000 00381nam a2200157 i 4500
001 bg
100 1 _aPIEPER, Gerd
245 0 _aGrossküchen /
_cGerd Pieper, Manfred Rohatsch, Fritz Lemme.
260 _aBerlin,
_c1971.
700 1 _aROHATSCH, Manfred
700 1 _aLEMME, Fritz
040 _cBPK
041 _apol
942 _cKS
008 s pl f |000 0 pol
999 _c27086
_d27086
856 _uhttp://koha.tu.koszalin.pl/cgi-bin/koha/opac-detail.pl?biblionumber=27086
_yKatalog online BPK